000 00352pam a2200157a 44500
008 230515b2009 xxu||||| |||| 00| 0 eng d
020 _aNULL
041 _aENGLISH
082 _aND
100 _aLASKHOMR
245 _aGLOSSARY OF ORAL & MAXILLOFACIAL IMPLANT
250 _a1ST
260 _a
_bEMMESS PUB
_c2009
300 _a198
650 _aNULL
999 _c561053
_d561053